Zwischen Patriotismus und Nationalismus

Titel: Zwischen Patriotismus und Nationalismus : Reale Niederlage - medialer Sieg / Marta Kopij-Weiß
Verfasser:
In: Schlesien – Grenzliterarisch, (2015), Seite 75-82
alle Artikel anzeigen
Veröffentlicht: 2015
Format: Aufsatz
Sprache: Deutsch
Schlagworte:
Kein Bild verfügbar
X
alg: 41532029
001A    $03025:02-08-17 
001B    $03025:14-12-17 $t15:16:30.000 
001C    $03025:02-08-17 $t16:05:55.000 
001D    $03025:02-08-17 
001U    $0utf8 
001X    $00 
002@    $0Aou 
002C    $aText $btxt $2rdacontent 
002D    $aohne Hilfsmittel zu benutzen $bn $2rdamedia 
002E    $aBand $bnc $2rdacarrier 
003@    $0415320291 
007A    $0415320291 $aHEB 
010@    $ager 
010E    $erda 
011@    $a2015 
021A    $aZwischen Patriotismus und Nationalismus $dReale Niederlage - medialer Sieg $hMarta Kopij-Weiß 
028A    $BVerfasser $#Kopij-Weiß, Marta $#Weiß, Marta Kopij- $4aut $7132142309 $8Kopij, Marta$Z1974- [Tp3] $9181693062 
031A    $h75-82 $j2015 
039B    $aEnthalten in $8--Aau--. Schlesien – Grenzliterarisch. - Leipzig : Leipziger Universitätsverlag, 2015. - 369 Seiten. - ISBN 978-3-86583-833-9 $x201500000000000925 $9377783617 
044K    $RDeutsches Sprachgebiet $RDeutschland $RDeutschland $#Deutsche Länder $#Germany Deutschland $#Heiliges Römisches Reich $#Rheinbund $#Deutscher Bund $#Norddeutscher Bund $#Deutsches Reich $#Deutschland Gebiet unter Alliierter Besatzung $#Deutschland Bundesrepublik, 1990- $#BRD 1990- $#Federal Republic of Germany Deutschland $#Republic of Germany Deutschland $#Allemagne Deutschland $#Ǧumhūrīyat Almāniyā al-Ittiḥādīya $#Bundesrepublik Deutschland 1990- $#BRD $#Niemcy $#République Fédérale d'Allemagne Deutschland $#Repubblica Federale di Germania Deutschland $#Germanija $#Federativnaja Respublika Germanija $#FRG $#Deyizhi-Lianbang-Gongheguo $74011882-4 $8Deutschland [Tg1] $9085025550 
044K    $RKongresspolen $RWestgalizien $#Generalgouvernement Polen $#Polska $#Rzeczpospolita Polska $#Polska Rzeczpospolita Ludowa $#Poland $#Pologne $#République Polonaise $#Generalne Gubernatorstwo w Polsce $#Polish People's Republic $#Polska Rzeczpospolita Polen $#PRL $#RP $#Polen Generalgouvernement $#Polska Generalgouvernement $#Besetzte Polnische Gebiete $#Besetztes Gebiet in Polen $#Okupowane Polskie Obszary $#Obszary Okupowane w Polsce $#Volksrepublik Polen $#Polska Rosyjska $#Republic Polen $#Respublika Pol'ša $#Pol'skaja Narodnaja Respublika $#République de Pologne $#Polen Links der Weichsel $#Polska po Lewej Stronie Wisły $#Lenkija $#Polija $#Gubernija Carstva Pol'skago $#Republik Polen $74046496-9 $8Polen [Tg1] $9085129801 
044K    $RNationalbewusstsein $RState building $#Nation-building $#Reconstruction de l'État $#Reconstrucción del Estado $#Nationenbildung $#nationale Integration $#Staatenbildung $#Nation Entstehung $#Nationale Integration $#Nationwerdung $#Nationenwerdung $#Nationsbildung $#Nationbildung $#Nationale Identität Nationenbildung $74075230-6 $8Nationenbildung [Ts1] $9085212296 
044K    $RAufstand $RUnabhängigkeit $#Aufstand in Polen 1830-1831 $#Powstanie Listopadowe 1830-1831 $#Kadettenaufstand $#Polnisch-Russischer Krieg 1830-1831 $74162722-2 $8Novemberaufstand$g1830-1831 [Ts1] $9085719447 
044K    $74135353-5 $8Lützowsches Freikorps [Tb1] $9085498971 

lok: 41532029 78

exp: 41532029 78 1 #EPN
201B/01 $014-12-17 $t15:16:43.000 
201C/01 $002-08-17 
201U/01 $0utf8 
203@/01 $01005224625 
208@/01 $a02-08-17 $be 
209A/01 $a/ $f000 $x00 
209A/01 $ab*p $x01 
220C/01 $apgar 
244Z/01 $#Generalgouvernement Polen $#Polska $#Rzeczpospolita Polska $#Polska Rzeczpospolita Ludowa $#Poland $#Pologne $#République Polonaise $#Generalne Gubernatorstwo w Polsce $#Polish People's Republic $#Polska Rzeczpospolita Polen $#PRL $#RP $#Polen Generalgouvernement $#Polska Generalgouvernement $#Besetzte Polnische Gebiete $#Besetztes Gebiet in Polen $#Okupowane Polskie Obszary $#Obszary Okupowane w Polsce $#Volksrepublik Polen $#Polska Rosyjska $#Republic Polen $#Respublika Pol'ša $#Pol'skaja Narodnaja Respublika $#République de Pologne $#Polen Links der Weichsel $#Polska po Lewej Stronie Wisły $#Lenkija $#Polija $#Gubernija Carstva Pol'skago $#Republik Polen $74046496-9 $8--Tg1--Polen $x01 $9085129801 
247C/01 $82080>Marburg/Lahn, Herder-Institut, Forschungsbibliothek, Bibliographieportal $9336309341
LEADER 00000caa a2200000 c 4500
001 415320291
003 DE-603
005 20171214151630.0
007 tu
008 170802s2015 xx |||| | u00||u|ger c
035 |a (DE-599)HEB415320291 
040 |a DE-603  |b ger  |c DE-603  |d DE-603  |e rda 
041 |a ger 
100 1 |a Kopij, Marta  |d 1974-  |e Verfasser  |4 aut  |0 (DE-603)181693062  |0 (DE-588)132142309  |2 gnd 
245 0 0 |a Zwischen Patriotismus und Nationalismus  |b Reale Niederlage - medialer Sieg  |c Marta Kopij-Weiß 
264 0 |c 2015 
336 |a Text  |b txt  |2 rdacontent 
337 |a ohne Hilfsmittel zu benutzen  |b n  |2 rdamedia 
338 |a Band  |b nc  |2 rdacarrier 
610 1 7 |a Lützowsches Freikorps  |2 gnd  |0 (DE-588)4135353-5  |0 (DE-603)085498971 
650 7 |a Nationenbildung  |0 (DE-588)4075230-6  |0 (DE-603)085212296  |2 gnd 
650 7 |a Novemberaufstand  |g 1830-1831  |0 (DE-588)4162722-2  |0 (DE-603)085719447  |2 gnd 
651 7 |a Deutschland  |0 (DE-588)4011882-4  |0 (DE-603)085025550  |2 gnd 
651 7 |a Polen  |0 (DE-588)4046496-9  |0 (DE-603)085129801  |2 gnd 
773 0 8 |i Enthalten in  |t Schlesien – Grenzliterarisch  |d Leipzig : Leipziger Universitätsverlag, 2015  |h 369 Seiten, 24 cm  |z 9783865838339  |z 3865838332  |g (2015), Seite 75-82  |w (DE-603)377783617 
924 0 |9 2080  |a (DE-603)1005224625  |b DE-2080  |c HES  |d d  |g /